|
|
|
|
| LEADER |
00000nam a22000007a 4500 |
| 005 |
2013080907587.0 |
| 007 |
cr|||| |||| |
| 008 |
130809s2012 mx |||||s|||| 00||0 spa d |
| 020 |
|
|
|a 978-607-402-444-9
|
| 035 |
|
|
|a 11449
|
| 040 |
|
|
|a vLex
|
| 090 |
|
|
|c 4472
|d 4472
|
| 100 |
1 |
|
|a Ocman, Claudia
|
| 245 |
1 |
0 |
|a Biotecnologa̕ y conocimiento tradicional
|h [Recurso electrn̤ico] :
|b Redes de polt̕icas en el debate contemporǹeo /
|c Claudia Ocman
|
| 256 |
|
|
|a Servicio en ln̕ea
|
| 260 |
|
|
|a Mx̌ico D.F.:
|b Plaza Valdš Editores,
|c 2012
|
| 300 |
|
|
|a 1 recurso electrn̤ico
|
| 506 |
1 |
|
|a Contenido solo disponible solo en los productos indicados
|d vLex Global
|d vLex Global (Academic Edition, excluding Law Schools)
|d vLex Global (U.S. Academic Edition, Law Schools)
|d vLex Global (U.S. Academic Edition, excluding Law Schools)
|d vLex Global (Academic Edition, Law Schools)
|
| 650 |
0 |
4 |
|a Biotecnologa̕
|z Mx̌ico
|
| 740 |
0 |
|
|a vLex Libros (Servicio en ln̕ea)
|
| 856 |
4 |
0 |
|u http://vlex.com/source/biotecnologia-conocimiento-tradicional-redes-politicas-debate-contemporaneo-11449
|z Acceso restringido
|
| 942 |
|
|
|c BOOK
|
| 999 |
0 |
|
|a Biotechnology
|